[Event "World Junior U20 Open 2018"]
[Site "Gebze"]
[Date "2018.09.14"]
[Round "10.79"]
[White "Baylav, Can"]
[Black "Rajic, Ivan"]
[Result "1-0"]
[WhiteElo "2026"]
[BlackElo "2021"]
[Annotator "NA"]
[PlyCount "145"]
[EventDate "2018.09.05"]
[EventType "swiss"]
[EventCountry "TUR"]
[SourceTitle "playchess.com"]
[Source "ChessBase"]
[SourceQuality "1"]
[TimeControl "40/5400+30:1800+30"]

1. d4 {[%emt 0:00:30]} Nf6 {[%emt 0:00:30]} 2. c4 {[%emt 0:00:30]} c5 {[%emt 0:00:30]} 3. d5 {[%emt 0:00:00]} b5 {[%emt 0:00:30]} 4. Qc2 {[%emt 0:02:00]} bxc4 {[%emt 0:01:30]} 5. e4 {[%emt 0:01:30]} g6 {[%emt 0:00:30]} 6. Bxc4 {[%emt 0:00:00]} d6 {[%emt 0:01:30]} 7. Nf3 {[%emt 0:01:00]} Bg7 {[%emt 0:00:30]} 8. O-O {[%emt 0:01:30]} O-O {[%emt 0:00:00]} 9. Nc3 {[%emt 0:00:30]} Nbd7 {[%emt 0:02:00]} 10. h3 {[%emt 0:00:30]} Nb6 {[%emt 0:02:30] A57: Benko/Volga Gambit} 11. Be2 {[%emt 0:01:30]} Ne8 {[%emt 0:11:30]} 12. Bf4 {[%emt 0:01:30]} e5 $146 {[%emt 0:03:30]} ({Predecessor:} 12... Nc7 13. Rad1 f5 14. e5 Bb7 15. exd6 exd6 16. Nb5 Nxb5 17. Bxb5 h6 18. h4 {0-1 (65) Berczes,D (2492)-Rambaldi,F (2557) Dallas 2015}) 13. dxe6 {[%emt 0:02:30]} fxe6 {[%emt 0:00:30]} 14. Bg5 {[%emt 0:01:30]} Bf6 {[%emt 0:01:30]} 15. Bxf6 {[%emt 0:00:30]} Qxf6 {[%emt 0:00:30]} 16. e5 {[%emt 0:00:30]} dxe5 {[%emt 0:02:30]} ({Black should play} 16... Qe7 $14) 17. Ne4 {[%emt 0:06:30]} Qf5 {[%emt 0:01:30]} 18. Nh4 {[%emt 0:01:30]} Qf4 {[%emt 0:00:30]} 19. g3 {[%emt 0:00:30]} Qf7 {[%emt 0:02:30]} 20. Nxc5 {[%emt 0:04:30]} Nd6 {[%emt 0:02:30]} 21. Nf3 {[%emt 0:05:30]} e4 {[%emt 0:06:30]} 22. Ng5 {[%emt 0:01:30]} Qf5 {[%emt 0:09:30]} 23. Ngxe6 {[%emt 0:02:30]} Rf6 {[%emt 0:06:30]} 24. Nf4 {[%emt 0:02:30]} Qe5 {[%emt 0:01:30]} 25. Qc3 {[%emt 0:05:30]} Qe7 {[%emt 0:00:30]} 26. f3 {[%emt 0:04:30]} e3 {[%emt 0:20:30]} 27. Ne4 {[%emt 0:01:30]} Rxf4 {[%emt 0:01:30]} 28. gxf4 {[%emt 0:01:30]} Bxh3 {[%emt 0:01:46]} 29. Qf6 {[%emt 0:05:30]} Qxf6 {[%emt 0:03:12]} 30. Nxf6+ {[%emt 0:00:30]} Kg7 {[%emt 0:00:43]} 31. Rfd1 {[%emt 0:00:00]} Nf5 {[%emt 0:00:20]} 32. Ne4 {[%emt 0:01:00]} Ne7 {[%emt 0:00:32]} 33. Nc3 {[%emt 0:04:30]} Be6 {[%emt 0:00:49]} 34. Rd6 {[%emt 0:02:30]} Kf7 {[%emt 0:03:07]} 35. Rad1 {[%emt 0:00:30]} Rc8 {[%emt 0:00:20]} 36. Ba6 {[%emt 0:13:30]} Rc7 {[%emt 0:00:58]} 37. Nb5 {[%emt 0:04:30]} Rc5 {[%emt 0:04:53]} 38. b4 {[%emt 0:02:30]} Rc2 {[%emt 0:03:59]} 39. Rxe6 {[%emt 0:06:14]} Rxa2 {[%emt 0:01:04]} 40. Nc7 {[%emt 0:00:00]} Rc2 {[%emt 0:00:00]} 41. Rxe7+ {[%emt 0:10:16]} Kxe7 {[%emt 0:06:17]} 42. Nd5+ {[%emt 0:00:30]} Nxd5 {[%emt 0:00:30]} 43. Rxd5 {[%emt 0:00:30]} Rb2 {[%emt 0:01:30]} 44. Re5+ {[%emt 0:02:30]} Kf6 {[%emt 0:00:30]} 45. Re4 {[%emt 0:01:30]} h5 {[%emt 0:02:30]} 46. Bc8 $18 {[%emt 0:07:30]} Rc2 {[%emt 0:00:30]} 47. Bd7 {[%emt 0:00:30]} Rd2 {[%emt 0:04:30]} 48. Bh3 {[%emt 0:07:53]} Rb2 {[%emt 0:01:30]} 49. Re6+ {[%emt 0:05:56]} Kf7 {[%emt 0:00:30]} 50. Rxe3 {[%emt 0:02:12]} Rxb4 {[%emt 0:00:30]} 51. Re4 {[%emt 0:00:23]} Rb5 {[%emt 0:02:13]} 52. Kg2 {[%emt 0:01:04]} a5 {[%emt 0:01:07]} 53. Kg3 {[%emt 0:01:02]} Rb1 {[%emt 0:01:26]} 54. Re5 {[%emt 0:04:52]} Ra1 {[%emt 0:03:43]} 55. f5 {[%emt 0:02:27]} g5 {[%emt 0:03:18]} 56. Rb5 {[%emt 0:00:08]} Ra3 {[%emt 0:00:26]} 57. Rb7+ {[%emt 0:00:30]} Kf6 {[%emt 0:01:00]} 58. Rb6+ {[%emt 0:00:04]} Kf7 {[%emt 0:00:57]} 59. Rh6 {[%emt 0:00:06]} g4 {[%emt 0:00:54]} 60. Bg2 {[%emt 0:00:00]} gxf3 {[%emt 0:01:35]} 61. Bxf3 {[%emt 0:00:12]} a4 {[%emt 0:00:30]} 62. Rxh5 {[%emt 0:00:30]} Ra1 {[%emt 0:00:30]} 63. Kf4 {[%emt 0:01:36]} a3 {[%emt 0:00:00]} 64. Bd5+ {[%emt 0:01:15]} Kg7 {[%emt 0:01:05]} 65. Rh2 {[%emt 0:00:44]} Rf1+ {[%emt 0:00:13]} 66. Ke5 {[%emt 0:00:32]} Re1+ {[%emt 0:00:30]} 67. Be4 {[%emt 0:00:34]} Ra1 {[%emt 0:00:15]} 68. f6+ {[%emt 0:00:11]} Kf7 {[%emt 0:00:30]} 69. Rh7+ {[%emt 0:00:12]} Kg8 {[%emt 0:00:14]} 70. f7+ {[%emt 0:01:10]} Kf8 {[%emt 0:00:30]} 71. Ke6 {[%emt 0:00:00]} Rf1 {[%emt 0:00:00]} 72. Rh8+ {[%emt 0:00:20]} Kg7 {[%emt 0:00:00]} 73. Rg8+ {[%emt 0:00:00]} 1-0

[Event "World Junior U20 Open 2018"]
[Site "Gebze"]
[Date "2018.09.14"]
[Round "10.80"]
[White "Nurgaliyev, Sauat"]
[Black "Beukema, Christiaan"]
[Result "1-0"]
[WhiteElo "1685"]
[BlackElo "1904"]
[Annotator "NA"]
[PlyCount "61"]
[EventDate "2018.09.05"]
[EventType "swiss"]
[EventCountry "TUR"]
[SourceTitle "playchess.com"]
[Source "ChessBase"]
[SourceQuality "1"]
[TimeControl "40/5400+30:1800+30"]

1. e4 {[%emt 0:00:30]} e5 {[%emt 0:02:30]} 2. Nf3 {[%emt 0:00:00]} Nc6 {[%emt 0:00:30]} 3. d4 {[%emt 0:00:00]} exd4 {[%emt 0:00:00]} 4. Nxd4 {[%emt 0:00:30]} Bb4+ {[%emt 0:00:00]} 5. c3 {[%emt 0:00:30]} Bc5 {[%emt 0:00:30]} 6. Be3 {[%emt 0:00:00]} Bb6 {[%emt 0:00:00]} 7. Qg4 {[%emt 0:00:00]} Qf6 {[%emt 0:06:00]} 8. Qg3 {[%emt 0:01:30]} d6 {[%emt 0:03:30]} 9. Nb5 {[%emt 0:05:30]} Ba5 {[%emt 0:03:30]} 10. Nd2 {[%emt 0:03:30]} a6 {[%emt 0:00:30]} 11. Nd4 {[%emt 0:02:30]} Bb6 {[%emt 0:06:30]} 12. Nxc6 {[%emt 0:04:30]} Bxe3 {[%emt 0:01:30]} 13. Qxe3 {[%emt 0:01:30]} bxc6 {[%emt 0:00:00]} 14. Bd3 $14 {[%emt 0:00:30]} Ne7 {[%emt 0:04:00]} 15. O-O {[%emt 0:03:30]} O-O {[%emt 0:01:30]} 16. f4 {[%emt 0:01:30]} Qh6 {[%emt 0:05:30]} 17. h3 {[%emt 0:14:30]} Re8 {[%emt 0:06:30]} 18. Qf2 {[%emt 0:08:30]} Ng6 {[%emt 0:04:30]} 19. Nb3 {[%emt 0:06:30]} c5 {[%emt 0:01:30]} 20. Rae1 {[%emt 0:03:30]} Be6 {[%emt 0:03:30]} 21. f5 {[%emt 0:02:30]} Ne5 {[%emt 0:08:30]} 22. fxe6 {[%emt 0:00:30]} Rxe6 {[%emt 0:00:30]} 23. Bc4 {[%emt 0:05:30]} Rf6 {[%emt 0:01:30]} 24. Qe2 {[%emt 0:00:00]} Rg6 {[%emt 0:00:30]} 25. Kh2 {[%emt 0:06:00]} Ng4+ {[%emt 0:03:30]} 26. Kh1 {[%emt 0:01:30]} Ne5 {[%emt 0:00:30]} 27. Rf5 {[%emt 0:08:30]} Rg3 {[%emt 0:02:30]} 28. Na5 {[%emt 0:06:47]} Rf8 {[%emt 0:03:30]} 29. Qf2 {[%emt 0:05:50]} Qh4 {[%emt 0:01:30]} 30. Re3 {[%emt 0:03:39]} g6 {[%emt 0:03:30]} 31. Qxg3 {[%emt 0:01:01]} 1-0

[Event "World Junior U20 Open 2018"]
[Site "Gebze"]
[Date "2018.09.14"]
[Round "10.81"]
[White "Helander, Benjamin"]
[Black "Fleri, Matthew"]
[Result "1/2-1/2"]
[WhiteElo "1994"]
[BlackElo "1625"]
[Annotator "NA"]
[PlyCount "82"]
[EventDate "2018.09.05"]
[EventType "swiss"]
[EventCountry "TUR"]
[SourceTitle "playchess.com"]
[Source "ChessBase"]
[SourceQuality "1"]
[TimeControl "40/5400+30:1800+30"]

1. e4 {[%emt 0:00:30]} c5 {[%emt 0:00:30]} 2. Nf3 {[%emt 0:00:30]} d6 {[%emt 0:00:00]} 3. d4 {[%emt 0:00:00]} cxd4 {[%emt 0:00:00]} 4. Nxd4 {[%emt 0:00:00]} Nf6 {[%emt 0:00:30]} 5. Nc3 {[%emt 0:00:00] LiveBook: 99290 Games} a6 {[%emt 0:00:00]} 6. Bc4 {[%emt 0:00:00]} e6 {[%emt 0:00:00]} 7. O-O {[%emt 0:00:00]} Be7 {[%emt 0:00:00]} 8. Qf3 {[%emt 0:02:00] B86: Sizilianisch (Sosin-Angriff)} (8. Bb3 O-O 9. f4 b5 10. f5 e5 11. Nde2 Bb7 12. Bg5 Nbd7 13. Ng3 Rc8 14. Bxf6 Nxf6 15. Nh5 Rxc3 16. Nxf6+ Bxf6 17. bxc3 Bxe4 18. Bd5 Qb6+ 19. Kh1 Bxd5 20. Qxd5 Rc8 {1-0 (48) Kasimdzhanov,R (2704)-Grischuk,A (2774) Berlin 2015}) 8... O-O {[%emt 0:05:00]} 9. a4 {[%emt 0:02:30]} Nc6 {[%emt 0:10:30]} 10. Nxc6 {[%emt 0:03:30]} bxc6 {[%emt 0:00:30]} 11. e5 $146 {[%emt 0:00:30]} ({Vorgänger:} 11. Be2 Rb8 12. b3 a5 13. Qg3 e5 14. h3 Ne8 15. f4 Bh4 16. Qd3 Bf6 17. f5 Bg5 18. Ba3 Rb7 19. Kh1 Rd7 20. Rad1 Bf4 21. g3 Bh6 22. Kh2 Qb6 {½-½ (22) Pachnicke,H (1662)-Stevens,M (1445) GER email 2011}) 11... dxe5 {[%emt 0:09:30]} 12. Qxc6 {[%emt 0:00:30]} Bd7 {[%emt 0:01:30]} 13. Qf3 {[%emt 0:01:30]} Qc7 {[%emt 0:03:30]} 14. Qe2 $15 {[%emt 0:02:30]} Bc8 {[%emt 0:10:30]} 15. Be3 {[%emt 0:18:30]} Bb7 {[%emt 0:04:30]} 16. Rfd1 {[%emt 0:04:30]} Bc5 {[%emt 0:03:30]} 17. Bxc5 {[%emt 0:02:30]} Qxc5 {[%emt 0:02:30]} 18. b3 {[%emt 0:02:30]} Qc6 {[%emt 0:09:30]} 19. f3 {[%emt 0:02:30]} Qc7 {[%emt 0:02:30]} 20. Re1 {[%emt 0:01:30]} Bd5 {[%emt 0:07:30]} 21. Bxd5 {[%emt 0:10:30]} Nxd5 {[%emt 0:00:00]} 22. Nxd5 {[%emt 0:00:00]} exd5 {[%emt 0:00:00]} 23. Qxe5 {[%emt 0:02:00]} Qxc2 {[%emt 0:00:30]} 24. Qxd5 {[%emt 0:00:30]} Rad8 {[%emt 0:01:30]} 25. Qc4 {[%emt 0:03:30]} Qg6 {[%emt 0:02:30]} 26. Rad1 {[%emt 0:05:30]} h6 {[%emt 0:02:30]} 27. a5 {[%emt 0:09:30]} Rc8 {[%emt 0:01:30]} 28. Qe4 {[%emt 0:02:30]} Qf6 {[%emt 0:01:30]} 29. Qe5 {[%emt 0:00:30]} Qc6 {[%emt 0:05:04]} 30. Qd6 {[%emt 0:03:30]} Qb5 {[%emt 0:02:14]} 31. b4 {[%emt 0:03:20]} Rcd8 {[%emt 0:00:38]} 32. Qb6 {[%emt 0:00:27]} Rxd1 {[%emt 0:01:40]} 33. Rxd1 {[%emt 0:00:33]} Qe2 {[%emt 0:00:42]} 34. Qd4 {[%emt 0:03:22]} Rc8 {[%emt 0:00:22]} 35. h3 {[%emt 0:01:36]} g6 {[%emt 0:01:52]} 36. Qd3 {[%emt 0:00:50]} Qe6 {[%emt 0:00:29]} 37. Qd7 {[%emt 0:01:39]} Qe3+ {[%emt 0:00:23]} 38. Kh1 {[%emt 0:00:51]} Rc2 {[%emt 0:00:28]} 39. Qd8+ {[%emt 0:01:09]} Kh7 {[%emt 0:00:12]} 40. Qd5 {[%emt 0:00:00]} Qf4 {[%emt 0:00:00]} 41. Qb7 {[%emt 0:08:43]} Rc1 {[%emt 0:02:26]} 1/2-1/2